MARC

LEADER 00000nam0a2200000 4500
001 322738
005 20231102003513.0
010 |a 9785836504533 
035 |a (RuTPU)RU\TPU\book\348297 
090 |a 322738 
100 |a 20161003d2016 km y0rusy50 ca 
101 0 |a rus 
102 |a RU 
105 |a y z 000zy 
200 1 |a О профессорско-преподавательском составе технических вузов - центральном звене в подготовке инженерных кадров  |f А. И. Владимиров  |g Российский государственный университет нефти и газа им. И. М. Губкина (РГУ Нефти и Газа) 
210 |a Москва  |c Недра  |d 2016 
215 |a 111 с. 
225 1 |a Из записной книжки президента университета, профессора А. И. Владимирова  |v Вып. 15 
606 1 |a Инженерное образование  |x Организация  |x Модернизация  |y Россия  |2 stltpush  |3 (RuTPU)RU\TPU\subj\67487  |9 83263 
610 1 |a высшее образование 
610 1 |a профессорско-преподавательский состав 
610 1 |a технические вузы 
610 1 |a инженерные вузы 
610 1 |a квалификационные характеристики 
610 1 |a трудовые договоры 
610 1 |a преподаватели 
610 1 |a квалификация 
610 1 |a портфолио 
610 1 |a эффективные контракты 
610 1 |a инженеры 
610 1 |a повышение 
686 |a Ч484(2)72  |v LBC/SL-A  |2 rubbk 
700 1 |a Владимиров  |b А. И.  |g Альберт Ильич 
712 0 2 |a Российский государственный университет нефти и газа им. И. М. Губкина (РГУ Нефти и Газа)  |c (Москва)  |c (1998- )  |2 stltpush  |3 (RuTPU)RU\TPU\col\408 
801 1 |a RU  |b 63413507  |c 20161003 
801 2 |a RU  |b 63413507  |c 20170119  |g RCR 
942 |c BK